000 00371nam a22001337a 4500
008 250417b |||||||| |||| 00| 0 eng d
020 _a812032692
050 _aJF 1525
_b.B36
100 _aBox C. Richard
245 _aCritical Social Theory in Public Administration
260 _aNew Delhi
_bPRENTICE HALL OF INDIA PEIVATE LIMITED
_c2005
300 _a163p.
942 _cBK
999 _c3052
_d3052